[Event "St Petersburg-ch Seniors Blitz (Women)"]
[Site "St Petersburg"]
[Date "2022.10.05"]
[Round "4"]
[White "Kozlovskaya, Valentina"]
[Black "Solomonova, Lidia"]
[Result "0-1"]
[WhiteElo "2099"]
[BlackElo "2122"]
[PlyCount "80"]
[EventDate "2022.10.05"]
[EventType "swiss (blitz)"]
[EventRounds "11"]
[EventCountry "RUS"]
[SourceTitle "CBM 210 Extra"]
[Source "ChessBase"]
[SourceDate "2022.11.30"]
[SourceVersion "1"]
[SourceVersionDate "2022.11.30"]
[SourceQuality "1"]

1. d4 g6 2. c4 Bg7 3. Nc3 d6 4. e4 Nc6 5. Be3 e5 6. d5 Nd4 7. Nge2 Qf6 8. Qd2 h6 9. h3 a6 10. 0-0-0 Bd7 11. Nxd4 Ne7 12. Nb3 Rb8 13. c5 g5 14. Be2 Ng6 15. g3 0-0 16. Bg4 Be8 17. Bf5 Ne7 18. g4 Ng6 19. Bxg6 Qxg6 20. f3 Bd7 21. h4 f6 22. Kb1 Rfc8 23. Ne2 Bf8 24. hxg5 fxg5 25. Ng3 c6 26. Nf5 cxd5 27. exd5 dxc5 28. Ka1 c4 29. Nc1 b5 30. Rh2 b4 31. Rdh1 c3 32. Qc2 cxb2+ 33. Qxb2 Bxf5 34. gxf5 Qxf5 35. Qb1 Qf6 36. Qe4 Rc3 37. Ne2 Rc7 38. Ng3 Rbc8 39. Nf5 Rc4 40. Qb1 e4+ 0-1

[Event "St Petersburg-ch Seniors (Women)"]
[Site "St Petersburg"]
[Date "2022.09.26"]
[Round "3"]
[White "Kapelkina, Galina"]
[Black "Kozlovskaya, Valentina"]
[Result "1/2-1/2"]
[WhiteElo "1644"]
[BlackElo "2067"]
[PlyCount "118"]
[EventDate "2022.09.24"]
[EventType "swiss"]
[EventRounds "9"]
[EventCountry "RUS"]
[SourceTitle "CBM 210 Extra"]
[Source "ChessBase"]
[SourceDate "2022.11.30"]
[SourceVersion "1"]
[SourceVersionDate "2022.11.30"]
[SourceQuality "1"]

1. d4 d6 2. Nf3 g6 3. c4 Bg7 4. Nc3 Nf6 5. e4 0-0 6. Be2 c6 7. 0-0 Na6 8. Re1 Nc7 9. Bd2 Nfe8 10. Bd3 e5 11. Be3 Qe7 12. Rc1 Kh8 13. dxe5 dxe5 14. Qd2 Bg4 15. Bh6 Rd8 16. Bxg7+ Kxg7 17. Qe3 b6 18. Red1 Bxf3 19. Qxf3 Qf6 20. Qe3 Ne6 21. Ne2 N8c7 22. Bc2 Nd4 23. Rd2 Nxe2+ 24. Qxe2 Ne6 25. Rxd8 Rxd8 26. Rd1 Nd4 27. Qd3 h5 28. Kf1 Qf4 29. Qg3 Qxg3 30. hxg3 g5 31. Ba4 Kf6 32. Ke1 Ke7 33. Rd2 h4 34. gxh4 gxh4 35. Rd3 Rg8 36. Kf1 Rg4 37. f3 Rg3 38. Kf2 Ne6 39. Bxc6 Rxg2+ 40. Kxg2 Nf4+ 41. Kh2 Nxd3 42. Kh3 Nxb2 43. Bd5 a5 44. Kxh4 Kf6 45. Kg4 Nd3 46. Kg3 Kg6 47. Kg4 a4 48. a3 Kf6 49. Bc6 Nb2 50. Bb5 Ke6 51. f4 exf4 52. Kxf4 Nd3+ 53. Ke3 Nc5 54. Kd4 f6 55. Be8 Kd6 56. Bb5 Ne6+ 57. Kc3 Nc5 58. Kd4 Ne6+ 59. Kc3 Ke5 1/2-1/2

[Event "Wch Seniors 65 (Women) 29th"]
[Site "Bucharest"]
[Date "2019.11.23"]
[Round "11"]
[White "Kozlovskaya, Valentina"]
[Black "Hrivnakova, Anna"]
[Result "1-0"]
[WhiteElo "2130"]
[BlackElo "1548"]
[PlyCount "65"]
[EventDate "2019.11.12"]
[EventType "swiss"]
[EventRounds "11"]
[EventCountry "ROU"]
[SourceTitle "CBM 193 Extra"]
[Source "ChessBase"]
[SourceDate "2020.01.31"]
[SourceVersion "1"]
[SourceVersionDate "2020.01.31"]
[SourceQuality "1"]

1. d4 Nf6 2. c4 d6 3. Nc3 g6 4. e4 Bg7 5. Be2 0-0 6. Be3 Na6 7. h3 e5 8. d5 c6 9. Qd2 Ne8 10. g4 Qe7 11. Bd3 Nac7 12. 0-0-0 a6 13. Kb1 Bd7 14. Bb6 f6 15. f4 Bh6 16. Nge2 Rc8 17. Be3 Bg7 18. f5 g5 19. h4 Bh6 20. hxg5 Bxg5 21. Bxg5 fxg5 22. Rh5 Rf7 23. Rxg5+ Rg7 24. Rxg7+ Qxg7 25. g5 cxd5 26. exd5 Nf6 27. gxf6 Qxf6 28. Rg1+ Kh8 29. Ne4 Qh4 30. Nxd6 Rf8 31. Qe3 Qe7 32. Qg3 Qf6 33. Ne4 1-0

[Event "Wch Seniors 65 (Women) 29th"]
[Site "Bucharest"]
[Date "2019.11.22"]
[Round "10"]
[White "Serjmyadag, Damdin"]
[Black "Kozlovskaya, Valentina"]
[Result "0-1"]
[WhiteElo "1874"]
[BlackElo "2130"]
[PlyCount "144"]
[EventDate "2019.11.12"]
[EventType "swiss"]
[EventRounds "11"]
[EventCountry "ROU"]
[SourceTitle "CBM 193 Extra"]
[Source "ChessBase"]
[SourceDate "2020.01.31"]
[SourceVersion "1"]
[SourceVersionDate "2020.01.31"]
[SourceQuality "1"]

1. e4 c5 2. Nf3 e6 3. g3 d6 4. Bg2 Nc6 5. Nc3 Nf6 6. d3 Be7 7. 0-0 0-0 8. Bd2 a6 9. Ne2 Rb8 10. Bc3 e5 11. h3 Ne8 12. Kh2 g6 13. Bd2 Bf6 14. Nc3 Nc7 15. Be3 Bg7 16. Qd2 b5 17. Ng1 Ne7 18. Nce2 Ne6 19. c3 d5 20. Rad1 d4 21. cxd4 cxd4 22. Bh6 f6 23. Bxg7 Nxg7 24. f4 Nc6 25. Nf3 Qe7 26. Rc1 Bd7 27. a3 Ne6 28. b4 Kh8 29. f5 gxf5 30. exf5 Ned8 31. Nh4 Qg7 32. Rc5 Rb6 33. g4 Be8 34. Rfc1 Rf7 35. Be4 Rc7 36. Nf3 Nb7 37. R5c2 a5 38. Nfxd4 exd4 39. Nxd4 Qe7 40. Qf4 axb4 41. axb4 Nbd8 42. Nf3 Ra7 43. Re1 Qc7 44. Qxc7 Rxc7 45. Nd4 Re7 46. Nxc6 Nxc6 47. Rb2 Nd4 48. Kg3 Bf7 49. Rc1 Kg7 50. h4 h6 51. Kf4 Rd6 52. Rg2 Be8 53. g5 hxg5+ 54. hxg5 fxg5+ 55. Rxg5+ Kf6 56. Rh1 Ne2+ 57. Kg4 Rf7 58. Rh6+ Ke7 59. Rgg6 Rxg6+ 60. Rxg6 Nd4 61. Kg5 Bd7 62. f6+ Kd6 63. Rg7 Rf8 64. Kg6 Ne6 65. Re7 Rg8+ 66. Kh7 Rg3 67. Rg7 Nxg7 68. fxg7 Be6 69. d4 Ke7 70. d5 Bf7 71. Kh6 Kf6 72. Bf5 Rxg7 0-1

[Event "Wch Seniors 65 (Women) 29th"]
[Site "Bucharest"]
[Date "2019.11.19"]
[Round "7"]
[White "Pancu, Aureliana Eugenia"]
[Black "Kozlovskaya, Valentina"]
[Result "0-1"]
[WhiteElo "1833"]
[BlackElo "2130"]
[PlyCount "110"]
[EventDate "2019.11.12"]
[EventType "swiss"]
[EventRounds "11"]
[EventCountry "ROU"]
[SourceTitle "CBM 193 Extra"]
[Source "ChessBase"]
[SourceDate "2020.01.31"]
[SourceVersion "1"]
[SourceVersionDate "2020.01.31"]
[SourceQuality "1"]

1. Nf3 d6 2. d4 g6 3. g3 Bg7 4. Bg2 Nf6 5. c4 0-0 6. 0-0 c6 7. h3 Nbd7 8. Nc3 e5 9. e4 Re8 10. Be3 h6 11. Qd2 Kh7 12. Rfd1 Qe7 13. dxe5 dxe5 14. a3 Nc5 15. Qc2 a5 16. Kh2 Nfd7 17. b3 Ne6 18. Na4 c5 19. Nc3 Nd4 20. Qd3 Nf6 21. Nd5 Nxd5 22. cxd5 b6 23. Bxd4 cxd4 24. Qb5 Rb8 25. Rdc1 Bd7 26. Qd3 Rec8 27. a4 h5 28. h4 f6 29. Bh3 Bh6 30. Rc4 Rxc4 31. bxc4 Be8 32. Qb3 Bf8 33. Ne1 Qb4 34. Qa2 Qc3 35. Bf1 Rc8 36. Rb1 Bb4 37. Nc2 Bc5 38. Ne1 Bb4 39. Nc2 d3 40. Ne3 Qd4 41. Bg2 d2 42. Bf3 f5 43. exf5 gxf5 44. Be2 Bg6 45. Rf1 f4 46. Nc2 Qc3 47. Nxb4 axb4 48. Rd1 f3 49. Bf1 Bc2 50. Ra1 d1Q 51. Rxd1 Bxd1 52. Qb1+ Bc2 53. Qc1 Rg8 54. d6 Bf5 55. Qd1 Rg7 0-1

[Event "Wch Seniors 65 (Women) 29th"]
[Site "Bucharest"]
[Date "2019.11.18"]
[Round "6"]
[White "Kozlovskaya, Valentina"]
[Black "Fatalibekova, Elena"]
[Result "1/2-1/2"]
[WhiteElo "2130"]
[BlackElo "2152"]
[PlyCount "150"]
[EventDate "2019.11.12"]
[EventType "swiss"]
[EventRounds "11"]
[EventCountry "ROU"]
[SourceTitle "CBM 193 Extra"]
[Source "ChessBase"]
[SourceDate "2020.01.31"]
[SourceVersion "1"]
[SourceVersionDate "2020.01.31"]
[SourceQuality "1"]

1. d4 Nf6 2. Nf3 b6 3. c4 Bb7 4. Nc3 e6 5. a3 d5 6. Bg5 Be7 7. e3 Nbd7 8. Bd3 0-0 9. 0-0 c5 10. cxd5 Nxd5 11. Bxe7 Qxe7 12. Re1 cxd4 13. Nxd5 Bxd5 14. Nxd4 Nc5 15. Bf1 Rfd8 16. Qg4 Qf6 17. f3 Nb3 18. Rad1 Nxd4 19. Rxd4 Bb3 20. Qe4 Qe7 21. Rb4 Bd5 22. Qe5 f6 23. Qh5 Qf7 24. Qh3 e5 25. f4 a5 26. Rb5 Bc4 27. Rxb6 exf4 28. exf4 Bxf1 29. Rxf1 Qa7 30. Qe6+ Kh8 31. Kh1 h6 32. h3 Rd2 33. Rc1 Rad8 34. Rcc6 a4 35. Kh2 Rd1 36. Qf5 Qe7 37. Rc8 Rxc8 38. Qxc8+ Rd8 39. Qc4 Qe3 40. Re6 Qd2 41. Re2 Qd1 42. Rc2 Rd4 43. Qc8+ Rd8 44. Qf5 Qd4 45. Qg4 Qe4 46. Re2 Qd4 47. Re7 Rg8 48. Rb7 Qd5 49. Qd7 Qxd7 50. Rxd7 Rb8 51. Ra7 Rxb2 52. Rxa4 Rb3 53. Ra5 Kh7 54. f5 h5 55. Ra7 h4 56. Ra4 Kg8 57. Rxh4 Rxa3 58. Rf4 Kf7 59. Rb4 g5 60. fxg6+ Kxg6 61. Rg4+ Kh6 62. Rg8 Kh7 63. Rg3 Ra2 64. Rf3 Kg6 65. Kg3 Ra4 66. Rf4 Ra3+ 67. Kg4 Ra2 68. g3 Ra3 69. Kh4 f5 70. Rb4 Ra6 71. Rb7 Ra4+ 72. g4 fxg4 73. Rb6+ Kg7 74. hxg4 Ra5 75. g5 Ra1 1/2-1/2

[Event "Wch Seniors 65 (Women) 29th"]
[Site "Bucharest"]
[Date "2019.11.16"]
[Round "5"]
[White "Kozlovskaya, Valentina"]
[Black "Sorokina, Tamara"]
[Result "1-0"]
[WhiteElo "2130"]
[BlackElo "2064"]
[PlyCount "121"]
[EventDate "2019.11.12"]
[EventType "swiss"]
[EventRounds "11"]
[EventCountry "ROU"]
[SourceTitle "CBM 193 Extra"]
[Source "ChessBase"]
[SourceDate "2020.01.31"]
[SourceVersion "1"]
[SourceVersionDate "2020.01.31"]
[SourceQuality "1"]

1. c4 Nf6 2. Nc3 e6 3. a3 c5 4. g3 Nc6 5. Bg2 Be7 6. Nf3 0-0 7. 0-0 d5 8. cxd5 exd5 9. d4 Bf5 10. dxc5 Bxc5 11. b4 Bb6 12. Bg5 d4 13. Bxf6 gxf6 14. Na4 Bg6 15. Nxb6 Qxb6 16. Qd2 a5 17. bxa5 Rxa5 18. Nh4 Rfa8 19. Qf4 Qd8 20. Rad1 Qe7 21. Rfe1 Rxa3 22. Bxc6 bxc6 23. Qxd4 c5 24. Qd6 Qxd6 25. Rxd6 Kg7 26. f3 Rc3 27. Ng2 Ra2 28. Nf4 Rcc2 29. Kf2 c4 30. Rc6 Bf5 31. g4 Bd7 32. Rc5 Ba4 33. Nd5 Rd2 34. Ne3 Bb3 35. h4 Kf8 36. Nd5 Kg7 37. h5 h6 38. Ne3 Ra7 39. Nf5+ Kh7 40. Rc6 Raa2 41. Ng3 Kg7 42. Ne4 Rdc2 43. Rc7 Rcb2 44. Ng3 Rd2 45. Nf5+ Kh8 46. Nxh6 Bd1 47. Nxf7+ Kg8 48. Nh6+ Kh8 49. Rxc4 Bxe2 50. Rc7 Bb5+ 51. Ke3 Bd3 52. Kf4 Ra4+ 53. Kg3 Re2 54. Rxe2 Bxe2 55. Nf5 Ra3 56. Nh4 Bd3 57. Rf7 Ra6 58. h6 Rb6 59. f4 Kg8 60. Rg7+ Kh8 61. Re7 1-0

[Event "WchT Seniors 50"]
[Site "Rhodes"]
[Date "2019.04.21"]
[Round "6.4"]
[White "Kozlovskaya, Valentina"]
[Black "Manor, Ilan"]
[Result "0-1"]
[WhiteElo "2161"]
[BlackElo "2461"]
[PlyCount "70"]
[EventDate "2019.04.16"]
[EventType "team-swiss"]
[EventRounds "9"]
[EventCountry "GRE"]
[SourceTitle "CBM 190 Extra"]
[Source "ChessBase"]
[SourceDate "2019.07.15"]
[SourceVersion "1"]
[SourceVersionDate "2019.07.15"]
[SourceQuality "1"]
[WhiteTeam "Russia (Women)"]
[BlackTeam "Israel"]
[WhiteTeamCountry "RUS"]
[BlackTeamCountry "ISR"]

1. c4 Nf6 2. Nc3 e6 3. e3 d5 4. Nf3 c5 5. d4 Nc6 6. a3 a6 7. dxc5 Bxc5 8. b4 Ba7 9. Be2 0-0 10. 0-0 Qe7 11. Qc2 dxc4 12. Bxc4 b5 13. Bd3 Bb7 14. Bb2 Rac8 15. Rad1 Bb8 16. Qe2 Ne5 17. Nxe5 Bxe5 18. Nb1 Qc7 19. Bxe5 Qxe5 20. f4 Qc7 21. h3 e5 22. Bf5 Rce8 23. Rc1 Qb6 24. Qf2 g6 25. Bc2 exf4 26. exf4 Re3 27. Nc3 Qd4 28. Bd1 Rfe8 29. Rc2 Kg7 30. Kh2 Qd3 31. Bg4 h5 32. Rd1 hxg4 33. Rxd3 Rxd3 34. Ne2 gxh3 35. gxh3 Ng4+ 0-1

[Event "Wch Seniors 65 (Women) 28th"]
[Site "Bled"]
[Date "2018.11.28"]
[Round "10"]
[White "Kozlovskaya, Valentina"]
[Black "Dotan, Valeria"]
[Result "1-0"]
[WhiteElo "2154"]
[BlackElo "1883"]
[PlyCount "103"]
[EventDate "2018.11.18"]
[EventType "swiss"]
[EventRounds "11"]
[EventCountry "SLO"]
[SourceTitle "CBM 187 Extra"]
[Source "ChessBase"]
[SourceDate "2018.11.04"]
[SourceVersion "1"]
[SourceVersionDate "2018.11.04"]
[SourceQuality "1"]

1. c4 e5 2. Nc3 Nc6 3. g3 d6 4. Bg2 g6 5. d3 Bg7 6. Nf3 Nge7 7. 0-0 Nd4 8. Ne1 a5 9. e3 Ne6 10. Bd2 0-0 11. Rb1 c6 12. Ne2 d5 13. b3 c5 14. Nc3 Nc7 15. Na4 Qd6 16. Qc2 b6 17. Nc3 Bb7 18. e4 d4 19. Nd5 Nexd5 20. exd5 b5 21. f4 f6 22. Nf3 b4 23. fxe5 fxe5 24. Ng5 Rab8 25. Ne4 Qb6 26. Bh3 Bc8 27. Rxf8+ Kxf8 28. Bxc8 Rxc8 29. Bg5 Kg8 30. Rf1 Ne8 31. Be7 Rc7 32. d6 Rxe7 33. dxe7 Qc7 34. Qe2 Qxe7 35. Qg4 Nd6 36. Nxd6 Qxd6 37. Qc8+ Bf8 38. Qe8 Qe7 39. Qxe7 Bxe7 40. Kg2 Kg7 41. Kf3 Kf6 42. Ke4+ Ke6 43. h4 h5 44. Rg1 Bf6 45. g4 Bxh4 46. gxh5 gxh5 47. Rh1 Bg3 48. Rxh5 Kd6 49. Rh6+ Kc7 50. Kd5 Kb7 51. Re6 e4 52. Rxe4 1-0

[Event "Wch Seniors 65 (Women) 28th"]
[Site "Bled"]
[Date "2018.11.22"]
[Round "5"]
[White "Kozlovskaya, Valentina"]
[Black "Fatalibekova, Elena"]
[Result "1-0"]
[WhiteElo "2154"]
[BlackElo "2161"]
[PlyCount "99"]
[EventDate "2018.11.18"]
[EventType "swiss"]
[EventRounds "11"]
[EventCountry "SLO"]
[SourceTitle "CBM 187 Extra"]
[Source "ChessBase"]
[SourceDate "2018.11.04"]
[SourceVersion "1"]
[SourceVersionDate "2018.11.04"]
[SourceQuality "1"]

1. c4 Nf6 2. Nc3 c5 3. g3 d5 4. cxd5 Nxd5 5. Bg2 Nc7 6. Nf3 Nc6 7. 0-0 e5 8. b3 Be7 9. Bb2 0-0 10. Rc1 f6 11. Na4 Na6 12. d3 Be6 13. Nd2 Rc8 14. f4 exf4 15. gxf4 Qd7 16. Ne4 b6 17. Ng3 Rfd8 18. Nc3 Nab4 19. Qe1 Nd4 20. Kh1 Bh3 21. Qf2 Bxg2+ 22. Qxg2 Qc6 23. Nce4 Bf8 24. Bxd4 Rxd4 25. a3 Na6 26. Nf5 Rd7 27. Rf3 g6 28. Ne3 Bg7 29. f5 g5 30. h4 h6 31. hxg5 hxg5 32. Rh3 Re8 33. Rf1 Rde7 34. Ng4 Nb8 35. Nexf6+ Bxf6 36. Qxc6 Nxc6 37. Nxf6+ Kf7 38. Nxe8 Rxe8 39. e4 Ne5 40. b4 Rd8 41. bxc5 bxc5 42. Rb1 Nxd3 43. Rb7+ Kf6 44. Kg1 Ke5 45. Re7+ Kf4 46. f6 Ne5 47. f7 Rf8 48. Rh6 c4 49. Rf6+ Kxe4 50. Re8 1-0

[Event "Wch Seniors 65 (Women) 28th"]
[Site "Bled"]
[Date "2018.11.21"]
[Round "4"]
[White "Sorokina, Tamara"]
[Black "Kozlovskaya, Valentina"]
[Result "1/2-1/2"]
[WhiteElo "2058"]
[BlackElo "2154"]
[PlyCount "63"]
[EventDate "2018.11.18"]
[EventType "swiss"]
[EventRounds "11"]
[EventCountry "SLO"]
[SourceTitle "CBM 187 Extra"]
[Source "ChessBase"]
[SourceDate "2018.11.04"]
[SourceVersion "1"]
[SourceVersionDate "2018.11.04"]
[SourceQuality "1"]

1. Nf3 c5 2. c4 g6 3. g3 Bg7 4. Bg2 Nc6 5. 0-0 e6 6. d3 Nge7 7. a3 0-0 8. Nbd2 d6 9. Rb1 a5 10. b3 h6 11. Ne1 f5 12. Nc2 g5 13. b4 axb4 14. axb4 cxb4 15. Nxb4 Nxb4 16. Rxb4 Nc6 17. Rb1 e5 18. Bb2 Qe7 19. Bc3 g4 20. Qb3 Kh8 21. e3 h5 22. Qb2 h4 23. Rfe1 hxg3 24. hxg3 Nd8 25. Ra1 Rxa1 26. Rxa1 Ne6 27. d4 exd4 28. exd4 Ng5 29. d5 Re8 30. Bxg7+ Qxg7 31. Qxg7+ Kxg7 32. Kf1 1/2-1/2

[Event "WchT Seniors 50"]
[Site "Radebeul"]
[Date "2016.07.04"]
[Round "9.3"]
[White "Ernst, Michael"]
[Black "Kozlovskaya, Valentina"]
[Result "0-1"]
[WhiteElo "2134"]
[BlackElo "2218"]
[PlyCount "40"]
[EventDate "2016.06.26"]
[EventType "team-swiss"]
[EventRounds "9"]
[EventCountry "GER"]
[SourceTitle "CBM 173 Extra"]
[Source "ChessBase"]
[SourceDate "2016.08.29"]
[SourceVersion "1"]
[SourceVersionDate "2016.08.29"]
[SourceQuality "1"]
[WhiteTeam "Austria"]
[BlackTeam "Russia (Women)"]
[WhiteTeamCountry "AUT"]
[BlackTeamCountry "RUS"]

1. d4 d5 2. Bf4 e6 3. e3 Nf6 4. Nd2 b6 5. c3 Be7 6. h3 0-0 7. Ngf3 Nbd7 8. Bd3 Bb7 9. 0-0 Ne4 10. a4 f5 11. a5 a6 12. axb6 cxb6 13. Qe2 b5 14. Rfc1 Nb6 15. b3 Rc8 16. c4 dxc4 17. bxc4 bxc4 18. Nxc4 Nd5 19. Na5 Rxc1+ 20. Rxc1 Qxa5 0-1

[Event "WchT Seniors 50"]
[Site "Radebeul"]
[Date "2016.07.02"]
[Round "7.3"]
[White "Arkell, Keith C"]
[Black "Kozlovskaya, Valentina"]
[Result "1-0"]
[WhiteElo "2453"]
[BlackElo "2218"]
[PlyCount "91"]
[EventDate "2016.06.26"]
[EventType "team-swiss"]
[EventRounds "9"]
[EventCountry "GER"]
[SourceTitle "CBM 173 Extra"]
[Source "ChessBase"]
[SourceDate "2016.08.29"]
[SourceVersion "1"]
[SourceVersionDate "2016.08.29"]
[SourceQuality "1"]
[WhiteTeam "England"]
[BlackTeam "Russia (Women)"]
[WhiteTeamCountry "ENG"]
[BlackTeamCountry "RUS"]

1. d4 Nf6 2. Nf3 d6 3. c4 c6 4. Nc3 g6 5. g3 Bg7 6. Bg2 0-0 7. 0-0 Nbd7 8. e4 e5 9. h3 Re8 10. Re1 a6 11. d5 c5 12. a3 Qc7 13. Qd3 Nf8 14. b4 b6 15. Bd2 Bd7 16. Rab1 h6 17. Rb2 g5 18. Reb1 Rab8 19. Nh2 Ng6 20. Nf1 Ne7 21. Ne3 Rec8 22. Qc2 Qd8 23. Qd1 h5 24. a4 g4 25. hxg4 hxg4 26. Bf1 Bh6 27. Be2 Ng6 28. Nf5 Bxd2 29. Qxd2 cxb4 30. Rxb4 Bxf5 31. exf5 Nf8 32. Qg5+ Kh8 33. Kg2 N8h7 34. Qe3 Rc5 35. Rh1 Qg8 36. Ne4 Nxe4 37. Qxe4 f6 38. Bxg4 b5 39. Bh5 bxa4 40. Bf7 Rxb4 41. Bxg8 Kxg8 42. Qg4+ Ng5 43. Qh5 Nf7 44. Qg6+ Kf8 45. Rh7 Rc7 46. Qg7+ 1-0

[Event "WchT Seniors 50"]
[Site "Radebeul"]
[Date "2016.06.28"]
[Round "3.2"]
[White "Kozlovskaya, Valentina"]
[Black "Wagner Michel, Annett"]
[Result "1/2-1/2"]
[WhiteElo "2218"]
[BlackElo "2139"]
[PlyCount "134"]
[EventDate "2016.06.26"]
[EventType "team-swiss"]
[EventRounds "9"]
[EventCountry "GER"]
[SourceTitle "CBM 173 Extra"]
[Source "ChessBase"]
[SourceDate "2016.08.29"]
[SourceVersion "1"]
[SourceVersionDate "2016.08.29"]
[SourceQuality "1"]
[WhiteTeam "Russia (Women)"]
[BlackTeam "Germany (Women)"]
[WhiteTeamCountry "RUS"]
[BlackTeamCountry "GER"]

1. d4 d5 2. c4 e6 3. Nc3 Nf6 4. Nf3 Be7 5. Bf4 0-0 6. e3 a6 7. h3 Nbd7 8. Bd3 c5 9. cxd5 Nxd5 10. Nxd5 exd5 11. 0-0 c4 12. Bc2 Nf6 13. Nd2 Be6 14. Bh2 Qd7 15. Qf3 Rac8 16. Rfd1 c3 17. bxc3 Rxc3 18. Bb3 Rfc8 19. Be5 b5 20. Qe2 Bf5 21. Bxf6 Bxf6 22. Qe1 b4 23. Nb1 Bxb1 24. Rdxb1 a5 25. Qd1 Qc6 26. Ba4 Qa6 27. Qh5 Rd8 28. Rd1 g6 29. Qf3 Kg7 30. Rac1 Qc8 31. Rxc3 Qxc3 32. Qe2 Be7 33. Qb5 Qc4 34. Ra1 Rd6 35. Qb7 Bh4 36. Bb3 Qe2 37. Rf1 Rf6 38. f3 Qxe3+ 39. Kh1 Qe2 40. Rd1 Rxf3 41. Qxd5 Rf1+ 42. Rxf1 Qxf1+ 43. Kh2 Qf4+ 44. Kh1 Bf2 45. Qe5+ Qxe5 46. dxe5 Bd4 47. e6 fxe6 48. Bxe6 a4 49. g4 Kf6 50. Bg8 h6 51. Kg2 Ke5 52. Kf3 Bc5 53. Ke2 Kf4 54. Kd3 Kg3 55. g5 h5 56. Be6 Be7 57. Bd7 Bxg5 58. Bxa4 Kxh3 59. Ke2 Kg3 60. Kf1 Kf4 61. Bc2 h4 62. Kg2 Kg4 63. Bxg6 h3+ 64. Kh1 Kg3 65. Be4 Be3 66. Bd5 Bd4 67. Bc6 Be5 1/2-1/2

[Event "Wch Seniors 65 (Women) 25th"]
[Site "Acqui Terme"]
[Date "2015.11.10"]
[Round "1"]
[White "Kozlovskaya, Valentina"]
[Black "Sorokina, Tamara"]
[Result "1-0"]
[WhiteElo "2249"]
[BlackElo "2116"]
[PlyCount "51"]
[EventDate "2015.11.10"]
[EventType "tourn"]
[EventRounds "9"]
[EventCountry "ITA"]
[SourceTitle "CBM 169 Extra"]
[Source "ChessBase"]
[SourceDate "2015.12.18"]
[SourceVersion "1"]
[SourceVersionDate "2015.12.18"]
[SourceQuality "1"]

1. c4 Nf6 2. g3 e5 3. Bg2 d6 4. Nc3 g6 5. Nf3 Bg7 6. d4 exd4 7. Nxd4 0-0 8. 0-0 Nbd7 9. h3 a6 10. Bg5 h6 11. Be3 Re8 12. Qd2 Kh7 13. b3 Qe7 14. Rad1 Rb8 15. Nc2 Bf8 16. g4 Nc5 17. f3 Be6 18. Bf2 Ng8 19. e4 b5 20. cxb5 axb5 21. Nb4 Qf6 22. f4 Bg7 23. e5 dxe5 24. Bxc5 exf4 25. Ne4 Qh4 26. Qxf4 1-0

[Event "EU-chT Seniors"]
[Site "Vienna"]
[Date "2015.07.19"]
[Round "8.3"]
[White "Malmdin, Nils Ake"]
[Black "Kozlovskaya, Valentina"]
[Result "0-1"]
[WhiteElo "2142"]
[BlackElo "2223"]
[PlyCount "138"]
[EventDate "2015.07.12"]
[EventType "team-swiss"]
[EventRounds "9"]
[EventCountry "AUT"]
[SourceTitle "CBM 167 Extra"]
[Source "ChessBase"]
[SourceDate "2015.09.14"]
[SourceVersion "1"]
[SourceVersionDate "2015.09.14"]
[SourceQuality "1"]
[WhiteTeam "Sweden"]
[BlackTeam "Russia (W)"]
[WhiteTeamCountry "SWE"]
[BlackTeamCountry "RUS"]

1. e4 c5 2. Nf3 a6 3. c3 d5 4. exd5 Qxd5 5. d4 e6 6. Be2 Nf6 7. 0-0 Nc6 8. Bf4 Be7 9. Ne5 Nxe5 10. Bxe5 cxd4 11. cxd4 0-0 12. Nc3 Qd8 13. Bf3 Nd7 14. Bf4 Qb6 15. Na4 Qb5 16. Rc1 Qf5 17. Bg3 Re8 18. a3 Bf6 19. b4 Bg5 20. Rc3 Qf6 21. Qd3 Bf4 22. Bxf4 Qxf4 23. Rfc1 Rb8 24. g3 Qd6 25. Nc5 Nb6 26. Ne4 Qd8 27. h4 h6 28. Nd2 Bd7 29. Nc4 Bb5 30. a4 Bxc4 31. Rxc4 Nxc4 32. Rxc4 Qd6 33. Qc3 Red8 34. b5 axb5 35. axb5 Qb6 36. Qb4 Rd6 37. Kg2 Rbd8 38. Qc5 g6 39. Bc6 Qc7 40. Bf3 Qd7 41. Qe5 Qe7 42. d5 Qd7 43. dxe6 Rxe6 44. Qf4 Rd6 45. Rc5 b6 46. Rc6 Qe7 47. Qxh6 Qe5 48. Qg5 Qxg5 49. hxg5 Rxc6 50. Bxc6 Kf8 51. Kf3 Rd4 52. Ke3 Rg4 53. f4 Rxg3+ 54. Kd4 Ke7 55. Ke5 Re3+ 56. Be4 Rc3 57. Bc6 Rc5+ 58. Ke4 Ke6 59. Be8 Rc4+ 60. Ke3 Rb4 61. Kf3 Rc4 62. Ke3 Rc8 63. Bc6 Rxc6 64. bxc6 Kd6 65. Kd4 Kxc6 66. Ke5 Kd7 67. Kf6 Ke8 68. f5 gxf5 69. Kxf5 Ke7 0-1

[Event "EU-chT Seniors"]
[Site "Vienna"]
[Date "2015.07.15"]
[Round "4.2"]
[White "Kozlovskaya, Valentina"]
[Black "Birnboim, Nathan"]
[Result "0-1"]
[WhiteElo "2223"]
[BlackElo "2358"]
[PlyCount "144"]
[EventDate "2015.07.12"]
[EventType "team-swiss"]
[EventRounds "9"]
[EventCountry "AUT"]
[SourceTitle "CBM 167 Extra"]
[Source "ChessBase"]
[SourceDate "2015.09.14"]
[SourceVersion "1"]
[SourceVersionDate "2015.09.14"]
[SourceQuality "1"]
[WhiteTeam "Russia (W)"]
[BlackTeam "Israel"]
[WhiteTeamCountry "RUS"]
[BlackTeamCountry "ISR"]

1. d4 Nf6 2. Nf3 c5 3. e3 g6 4. Be2 Bg7 5. 0-0 d5 6. c3 Qc7 7. Nbd2 0-0 8. Ne5 Nbd7 9. f4 Ne8 10. Bf3 Ndf6 11. dxc5 Qxc5 12. Nb3 Qc7 13. Bd2 Nd6 14. Qe2 Bf5 15. Nd4 Be4 16. Rfd1 Rfd8 17. Be1 Rac8 18. Rac1 Nc4 19. Nxc4 dxc4 20. Bh4 a6 21. Bxf6 Bxf3 22. Nxf3 Bxf6 23. Rxd8+ Rxd8 24. Rd1 b5 25. Rxd8+ Qxd8 26. Qd2 Qa8 27. Qc2 Qb7 28. a3 a5 29. Kf2 Qd5 30. g4 h5 31. g5 Bg7 32. Qd2 Qe4 33. h4 Kh7 34. Ne1 Qh1 35. Ng2 Qb1 36. Qe2 e6 37. Ne1 Qe4 38. Qc2 Qd5 39. Nf3 Kg8 40. Qd2 Qe4 41. Qd8+ Kh7 42. Qd7 Qc2+ 43. Qd2 Qb1 44. Ne1 Kg8 45. Qc2 Qa1 46. Nf3 Kf8 47. Qd2 Ke8 48. Kg3 Bf8 49. Ne5 Qg1+ 50. Kh3 Qh1+ 51. Kg3 Qd5 52. Qxd5 exd5 53. Kf3 Bd6 54. Nc6 Kd7 55. Nd4 b4 56. axb4 axb4 57. cxb4 Bxb4 58. Ke2 Bc5 59. Nf3 Ke6 60. Ne5 Bd6 61. Nc6 Bf8 62. Nd4+ Kd6 63. f5 Ke5 64. f6 Kd6 65. b3 Kc5 66. bxc4 dxc4 67. Nc2 Bd6 68. Kf3 c3 69. Nd4 Kc4 70. Ke2 Bg3 71. Nf3 Kb3 72. Kd3 Kb2 0-1